Normal view
MARC view
Entry Topical Term
001 - CONTROL NUMBER
- control field: 35591
003 - CONTROL NUMBER IDENTIFIER
- control field: ARRUPE
005 - DATE AND TIME OF LATEST TRANSACTION
- control field: 20170905083304.0
008 - FIXED-LENGTH DATA ELEMENTS
- fixed length control field: 170905|| aca||aabn | a|a d
040 ## - CATALOGING SOURCE
- Original cataloging agency: ARRUPE
- Transcribing agency: ARRUPE
150 ## - HEADING--TOPICAL TERM
- Topical term or geographic name as entry element: Sacraments
- General subdivision: Catholic church
670 ## - SOURCE DATA FOUND
- Source citation: Work cat.: (ARRUPE): Kelly, Liam 35590, Sacraments revisited, 1998